Mexico as it was and as it is (Record no. 4852)

MARC details
000 -CABECERA
campo de control de longitud fija 00871nam a2200253 a 4500
001 - NÚMERO DE CONTROL
campo de control BRCA_5158
005 - FECHA Y HORA DE LA ÚLTIMA TRANSACCIÓN
campo de control 20190320204950.0
008 - DATOS DE LONGITUD FIJA--INFORMACIÓN GENERAL
campo de control de longitud fija 750909s1844####nyua######---#000-0#eng-#
041 ## - CÓDIGO DE LENGUA
Código de lengua del texto/banda sonora o título independiente eng
044 ## - CÓDIGO DEL PAÍS DE LA ENTIDAD EDITORA/PRODUCTORA
Código MARC del país nyu
050 #4 - SIGNATURA TOPOGRÁFICA DE LA BIBLIOTECA DEL CONGRESO
Número de clasificación F1213
Número de documento/Ítem .M39 1844
100 1# - ENTRADA PRINCIPAL--NOMBRE DE PERSONA
Nombre de persona Mayer, Brantz
Fechas asociadas al nombre 1809-1879
9 (RLIN) 10047
245 10 - MENCIÓN DE TÍTULO
Título Mexico as it was and as it is
Mención de responsabilidad, etc. by Brantz Mayer ; with numerous illustrations on wood engraved by Butler from drawings by the author.
260 ## - PUBLICACIÓN, DISTRIBUCIÓN, ETC.
Lugar de publicación, distribución, etc. Nueva York
Nombre del editor, distribuidor, etc. J. Winchester : New World
Fecha de publicación, distribución, etc. 1844
300 ## - DESCRIPCIÓN FÍSICA
Extensión xii, 390 p.
Otras características físicas il., 30 láminas
Dimensiones 22 cm.
500 ## - NOTA GENERAL
Nota general Incluye índice alfabético y 5 apéndices
500 ## - NOTA GENERAL
Nota general Estado físico: manchas de acidificación
500 ## - NOTA GENERAL
Nota general DD61
650 14 - PUNTO DE ACCESO ADICIONAL DE MATERIA--TÉRMINO DE MATERIA
Término de materia o nombre geográfico como elemento de entrada Viajeros estadounidenses
Subdivisión geográfica México
9 (RLIN) 10048
651 #4 - PUNTO DE ACCESO ADICIONAL DE MATERIA--NOMBRE GEOGRÁFICO
Nombre geográfico México
Subdivisión general Descripción y viajes
9 (RLIN) 103
700 1# - PUNTO DE ACCESO ADICIONAL--NOMBRE DE PERSONA
Nombre de persona Butler
Término indicativo de función/relación Grabador
9 (RLIN) 13195
902 ## - CATALOGADOR
Iniciales GFM
942 ## - ELEMENTOS DE PUNTO DE ACCESO ADICIONAL (KOHA)
Fuente del sistema de clasificación o colocación Library of Congress Classification
Tipo de ítem Koha Libros
Holdings
Estado de retiro Estado de pérdida Estado dañado No para préstamo Localización permanente Ubicación/localización actual Fecha de adquisición Número de inventario Total de préstamos Signatura topográfica completa Código de barras Fecha visto por última vez Precio válido a partir de Tipo de ítem Koha
El ejemplar forma parte de la colección y puede ser consultado según las políticas vigentes.       Biblioteca del Museo Franz Mayer (Rogerio Casas-Alatriste) Biblioteca del Museo Franz Mayer (Rogerio Casas-Alatriste) 22/11/2010 DD61   F1213 .M39 1844 (DD61) 5502 22/03/2019 22/03/2019 Libros